• 首页
  • 本馆介绍
  • 公告通知
  • 最新文献
  • 馆藏检索
  • 电子资源
  • 读者导购
  • 参考咨询
  • 我的图书馆
  • 登录
  • 详细信息显示
  • 放入我的书架
  • 预约/预借图书
  • 作者相关作品
  • 分类相关作品
  • 丛书相关作品
  • 出版社相关作品

书目信息

  • 表格格式
  • 工作单格式
  • 卡片格式
题名:
昆虫记
    
 
作者: 法布尔 著 ;王光波 译
分册:  
出版信息: 北京   中国华侨出版社  2013.08
页数: 427页
开本: 25cm
丛书名: 超级彩图馆
单 册:
中图分类: Q96-49
科图分类:
主题词: 昆虫学--普及读物 , 昆虫学
电子资源:
ISBN: 978-7-5113-3607-1
000 00973oam2 2200289 450
001 012013138147
005 20140610085238.96
010    @a978-7-5113-3607-1@b精装@dCNY29.80
100    @a20130729d2013 em y0chiy0110 ea
101 1  @achi@cfre
102    @aCN@b110000
105    @aa z 000yy
106    @ar
200 1  @a昆虫记@9kun chong ji@e超值全彩白金版@f(法)法布尔著@g王光波译
210    @a北京@c中国华侨出版社@d2013.08
215    @a427页@c图@d25cm
225 2  @a超级彩图馆
330    @a本书从《昆虫记》中优中选优,选取一些昆虫,生动详尽地记录了它们的体貌特征、食性、喜好、生存技巧、蜕变、繁衍和死亡,展示了昆虫世界的多姿多彩与无穷奥妙。
333    @a昆虫爱好者
461  0 @12001 @a超级彩图馆
606 0  @a昆虫学@j普及读物
606 0  @a昆虫学
690    @aQ96-49@v5
701  0 @c(法)@a法布尔@9fa bu er@c(Fabre,Jean-Henri@f1823-1915)@4著
702  0 @a王光波@9wang guang bo@4译
801  0 @aCN@b人天书店@c20130729
905    @b846784-87@dQ96-49@e27@f4
    
    昆虫记:超值全彩白金版/(法)法布尔著/王光波译.-北京:中国华侨出版社,2013.08
    427页:图;25cm.-(超级彩图馆)
    使用对象:昆虫爱好者
    
    ISBN 978-7-5113-3607-1(精装):CNY29.80
    本书从《昆虫记》中优中选优,选取一些昆虫,生动详尽地记录了它们的体貌特征、食性、喜好、生存技巧、蜕变、繁衍和死亡,展示了昆虫世界的多姿多彩与无穷奥妙。
●
相关链接 在E读中查询图书 在五车中查询图书 在当当中查询图书 在豆瓣中查询图书


正题名:昆虫记     索取号:Q96-49/27         预约/预借

序号 登录号 条形码 馆藏地/架位号 状态 备注
1 846784   208467844   第二样本阅览室/ [索取号:Q96-49/27] 在馆    
2 846785   208467853   第三借阅区/ [索取号:Q96-49/27] 在馆    
3 846786   208467862   密集书库-生命科学系/ [索取号:Q96-49/27] 在馆    
4 846787   208467871   第三借阅区/ [索取号:Q96-49/27] 在馆    
唐山师范学院图书馆 欢迎您!
大连网信软件有限公司© 版权所有